PUBLIC relations and online engagement : audiences, fandom and influencers
Guardat en:
| Format: | Llibre |
|---|---|
| Idioma: | anglès |
| Publicat: |
Routledge
2021
|
| Etiquetes: |
Afegir etiqueta
Sense etiquetes, Sigues el primer a etiquetar aquest registre!
|
MARC
| LEADER | 00000nam a22000007a 4500 | ||
|---|---|---|---|
| 008 | 240528b |||||||| |||| 00| 0 eng d | ||
| 020 | |a 9781032073255 | ||
| 245 | |a PUBLIC relations and online engagement |b : audiences, fandom and influencers |c Amber L. Hutchins and Natalie T.J. Tindall |g vi, 79p | ||
| 250 | |c Hutchins, Amber L. | ||
| 250 | |c Tindall Natalie T.J | ||
| 260 | |b Routledge |c 2021 |h Abingdon, Oxon |i 702371 |i 702372 |l HD59.P96 |m Internet in public relations |m Social media |m Public relations | ||
| 500 | |a It includes references and index | ||
| 942 | |a lcc |c BK |e Adeyemo O.O |f 28/05/2024 | ||
| 952 | |0 0 |1 0 |2 lcc |4 0 |6 HD0059 P96 |7 0 |9 5179 |a SSL |b HOL |c GJ |d 2024-05-28 |l 0 |o HD59.P96 |p 2024-0425 |r 2024-05-28 00:00:00 |t 702372 |w 2024-05-28 |y BK | ||
| 952 | |0 0 |1 0 |2 lcc |4 0 |6 HD0059 P96 |7 0 |9 5180 |a HOL |b HOL |c GJ |d 2024-05-28 |l 0 |o HD59.P96 |p 2024-0426 |r 2024-05-28 00:00:00 |t 702371 |w 2024-05-28 |y BK | ||
| 999 | |c 2572 |d 2572 | ||